[Event "AUTO-OPEN-3486"]
[Site "http://www.queenalice.com/game.php?id=1360996"]
[Date "2015.5.22"]
[Round "1"]
[White "king_chess"]
[Black "valdekovic"]
[Result "1-0"]
[WhiteElo "1948"]
[BlackElo "1866"]

1. Nf3 d5 2. c4 c6 3. d4 Nf6 4. Nc3 e6 5. Bg5 Be7 6. Bxf6 Bxf6 7. e3 O-O 8. Qc2
h6 9. cxd5 exd5 10. Be2 Be6 11. Qb3 Qb6 12. Qxb6 axb6 13. O-O Nd7 14. Rfe1 Rfe8
15. Rac1 c5 16. Bb5 Rec8 17. Nxd5 Bxd5 18. Bxd7 Rc7 19. Bg4 Rxa2 20. e4 Bb3 21.
e5 Be7 22. Re2 Bd5 23. Kh1 Bxf3 24. gxf3 c4 25. f4 b5 26. d5 Rc5 27. d6 Bh4 28.
e6 fxe6 29. Bxe6+ Kf8 30. Rg1 Bf6 31. Rd1 Ra8 32. d7 1-0

[Event "AUTO-OPEN-3486"]
[Site "http://www.queenalice.com/game.php?id=1360997"]
[Date "2015.5.22"]
[Round "1"]
[White "valdekovic"]
[Black "king_chess"]
[Result "0-1"]
[WhiteElo "1880"]
[BlackElo "1934"]

1. d4 g6 2. c4 Bg7 3. Nc3 c5 4. d5 Nf6 5. e4 d6 6. f3 O-O 7. Be3 Na6 8. Qd2 Nb4
9. Nge2 Qa5 10. Nc1 Bd7 11. Nb3 Qb6 12. Be2 a5 13. O-O a4 14. Nc1 a3 15. Nb3
Nxa2 16. Nxc5 Nxc3 17. Nxd7 Nxe2+ 18. Qxe2 Qxb2 19. Qxb2 axb2 20. Nxf6+ Bxf6 21.
Rab1 Rfc8 22. h3 Rxc4 23. Kh2 e6 24. dxe6 fxe6 25. Rfd1 Rc3 26. Bd4 Bxd4 27.
Rxd4 Rc2 28. Rb4 Rb8 29. R1xb2 Rxb2 30. Rxb2 b5 31. Kg3 g5 0-1

[Event "AUTO-ADV-3418"]
[Site "http://www.queenalice.com/game.php?id=1361021"]
[Date "2015.5.22"]
[Round "1"]
[White "valdekovic"]
[Black "king_chess"]
[Result "0-1"]
[WhiteElo "1845"]
[BlackElo "1961"]

1. d4 g6 2. c4 Bg7 3. Nc3 d6 4. e4 Nf6 5. f3 O-O 6. Be3 Nc6 7. Qd2 Bd7 8. Nge2
Na5 9. Nc1 e5 10. d5 b6 11. Nb3 Qe7 12. Be2 Nxb3 13. axb3 c6 14. O-O cxd5 15.
cxd5 Rfc8 16. Rfc1 Qf8 17. Ba6 Rc7 18. Nb5 Rxc1+ 19. Rxc1 Kh8 20. Rc7 Bxb5 21.
Bxb5 Ne8 22. Bxe8 Qxe8 23. Qc1 f5 24. Qc6 f4 25. Bf2 h5 26. Qxd6 Kh7 27. Qc6 Qf8
28. d6 Kh6 29. h3 Bf6 30. d7 h4 0-1

[Event "AUTO-ADV-3418"]
[Site "http://www.queenalice.com/game.php?id=1361022"]
[Date "2015.5.22"]
[Round "1"]
[White "king_chess"]
[Black "valdekovic"]
[Result "1-0"]
[WhiteElo "1919"]
[BlackElo "1895"]

1. Nf3 d5 2. c4 c6 3. d4 Nf6 4. Nc3 e6 5. Bg5 Be7 6. Bxf6 Bxf6 7. e4 dxe4 8.
Nxe4 O-O 9. Be2 Nd7 10. O-O Be7 11. Qc2 Nf6 12. c5 h6 13. Rae1 Nxe4 14. Qxe4 Bf6
15. Bd3 g6 16. Qf4 Bg7 17. a3 Qf6 18. Qd6 Rd8 19. Qg3 Bd7 20. Qc7 Bc8 21. Kh1
Rd7 22. Qg3 b6 23. Rc1 Bb7 24. Be4 Rc8 25. Rfe1 Qd8 26. Qf4 Qf6 27. Qe3 Qd8 28.
Ne5 1-0

[Event "AUTO-ADV-3418"]
[Site "http://www.queenalice.com/game.php?id=1361033"]
[Date "2015.5.22"]
[Round "1"]
[White "acm_chessmaster"]
[Black "king_chess"]
[Result "0-1"]
[WhiteElo "1816"]
[BlackElo "1897"]

1. e4 c5 2. Nc3 d6 3. Bb5+ Bd7 4. Bxd7+ Qxd7 5. d3 Nc6 6. Nf3 O-O-O 7. O-O Nf6
8. Ng5 e6 9. Be3 d5 10. exd5 exd5 11. Qf3 d4 12. Nce4 dxe3 13. Nxf6 gxf6 14.
Qxf6 Be7 15. Qf4 Nd4 16. Qe5 f6 17. Qxe3 Nxc2 18. Qe6 Nxa1 19. Qxd7+ Rxd7 20.
Ne4 Nc2 21. g3 Nb4 22. d4 cxd4 23. Rc1+ Rc7 24. Rd1 Rd7 25. Rc1+ Rc7 26. Rd1 f5
27. Nd2 d3 28. Nf3 Rd8 29. Nd2 Nxa2 30. Kg2 Rc1 31. Rxc1+ Nxc1 32. Nc4 Bc5 33.
Ne5 d2 34. Nf7 d1=Q 35. Nxd8 Kxd8 36. h4 Ne2 37. h5 Qg1+ 38. Kf3 Qxf2# 0-1

[Event "AUTO-ADV-3418"]
[Site "http://www.queenalice.com/game.php?id=1361034"]
[Date "2015.5.22"]
[Round "1"]
[White "king_chess"]
[Black "acm_chessmaster"]
[Result "1-0"]
[WhiteElo "1883"]
[BlackElo "1830"]

1. Nf3 Nc6 2. e3 e5 3. Nc3 d5 4. Bb5 Ne7 5. Nxe5 Bd7 6. Nf3 a6 7. Bxc6 Bxc6 8.
O-O h5 9. d4 g6 10. Bd2 Nf5 11. Qe2 Nh4 12. Ne5 Qg5 13. g3 Nf5 14. e4 Nxd4 15.
Bxg5 Nxe2+ 16. Nxe2 Bb5 17. c4 Bxc4 18. Nxc4 dxc4 19. Bf6 Rh7 20. Rac1 b5 21.
Bc3 O-O-O 22. h3 Bg7 23. e5 Bh6 24. f4 Re8 25. Rfd1 f5 26. b3 cxb3 27. axb3 Rd8
28. Rxd8+ Kxd8 29. Ra1 Rd7 30. Rxa6 Bf8 31. Ra8+ Ke7 32. Bb4+ Ke6 33. Rxf8 Rd3
34. Rf6+ Kd5 35. Nc3+ Kd4 36. Rxg6 h4 37. e6 c5 38. Nxb5+ Kd5 39. e7 Re3 40.
Nc3+ Kd4 41. Rd6# 1-0

[Event "AUTO-ADV-3418"]
[Site "http://www.queenalice.com/game.php?id=1361039"]
[Date "2015.5.22"]
[Round "1"]
[White "tana"]
[Black "king_chess"]
[Result "1/2-1/2"]
[WhiteElo "1874"]
[BlackElo "1933"]

1. d4 g6 2. e3 Nf6 3. Bd3 Bg7 4. Nf3 O-O 5. O-O d5 6. b3 Nc6 7. Nbd2 Nb4 8. Be2
Bg4 9. h3 Bxf3 10. Nxf3 Qd6 11. Ba3 Ne4 12. Bxb4 Qxb4 13. a3 Qb6 14. Ne5 Qe6 15.
f4 Ng3 16. Rf3 Nxe2+ 17. Qxe2 c5 18. c3 cxd4 19. cxd4 Rac8 20. Qd2 b6 21. Raf1
Qd6 22. b4 Rfe8 23. f5 Bxe5 24. dxe5 Qxe5 25. fxg6 fxg6 26. Qf2 b5 27. Rf4 Qc3
28. Qa2 Qxe3+ 29. Kh1 e6 30. Qb2 e5 31. R4f3 Qe4 32. Qb3 Re7 33. Re3 Qc4 34. Qd1
h6 35. Qe1 e4 36. Kg1 h5 37. Qh4 Rf7 38. Rxf7 Kxf7 39. Qf4+ Ke7 40. Qe5+ Kf7 41.
Qf4+ Ke7 42. Qe5+ Kd7 43. Qg7+ Kd8 44. Qh8+ Kc7 45. Qe5+ Kb6 46. Qf6+ Rc6 47.
Qd8+ Rc7 48. Qb8+ Rb7 49. Qd6+ Qc6 50. Qd8+ Rc7 51. Qb8+ Qb7 52. Qd8 Qc6 53.
Qb8+ Qb7 54. Qd8 1/2-1/2

[Event "AUTO-ADV-3418"]
[Site "http://www.queenalice.com/game.php?id=1361040"]
[Date "2015.5.22"]
[Round "1"]
[White "king_chess"]
[Black "tana"]
[Result "1-0"]
[WhiteElo "1908"]
[BlackElo "1880"]

1. Nf3 d6 2. d4 Nc6 3. d5 Ne5 4. Nxe5 dxe5 5. Nc3 Nf6 6. e4 e6 7. Bb5+ Bd7 8.
dxe6 Bxb5 9. exf7+ Kxf7 10. Qxd8 Rxd8 11. Nxb5 Rd7 12. f4 Nxe4 13. fxe5 Rd5 14.
e6+ Ke7 15. Nxc7 Rc5 16. Bf4 g5 17. b4 Rc6 18. Be5 Rg8 19. O-O-O Rxe6 20. Nxe6
Kxe6 21. Bd4 Bxb4 22. Kb2 b6 23. c3 Be7 24. Rhe1 Kf5 25. g4+ Kf4 26. Rg1 Bc5 27.
Rdf1+ Nf2 28. Rxf2+ Ke4 29. Bxc5 bxc5 30. Rf5 Rb8+ 31. Kc2 h6 32. Re1# 1-0

[Event "سفر کے"]
[Site "http://www.queenalice.com/game.php?id=1365035"]
[Date "2015.6.12"]
[Round "1"]
[White "kuntakinte"]
[Black "king_chess"]
[Result "0-1"]
[WhiteElo "1763"]
[BlackElo "1923"]

1. e4 c5 2. Bc4 Nc6 3. c3 Nf6 4. Qf3 Ne5 5. Qe2 Nxc4 6. Qxc4 d5 7. Qb5+ Qd7 8.
Qxc5 e5 9. Qe3 Nxe4 10. d3 Bc5 11. d4 exd4 12. cxd4 Be7 13. Nf3 O-O 14. O-O Qb5
15. a4 Qa6 16. Nc3 Nxc3 17. Qxc3 Bf5 18. Re1 Rae8 19. Bd2 Rc8 20. Qe3 Rfe8 21.
Qb3 Be4 0-1

[Event "Primeiro Jogo"]
[Site "http://www.queenalice.com/game.php?id=1368889"]
[Date "2015.7.1"]
[Round "-"]
[White "Paulobraz"]
[Black "king_chess"]
[Result "1-0"]
[WhiteElo "1879"]
[BlackElo "1945"]

1. g3 g6 2. Bg2 Bg7 3. d4 d5 4. Nc3 Nf6 5. e3 O-O 6. f4 Nc6 7. Nf3 Bf5 8. O-O
Nb4 9. Ne1 Qd6 10. a3 Bg4 11. Bf3 Bxf3 12. Nxf3 Nc6 13. Nb5 Qd7 14. Bd2 Kh8 15.
Ng5 h6 16. Nf3 a6 17. Nc3 Qf5 18. Rf2 Ng4 19. Rg2 Qe6 20. Re2 Nf6 21. Qf1 Qf5
22. Rc1 Ne4 23. Nxe4 Qxe4 24. Kf2 Bf6 25. Qh3 Kg7 26. g4 Rh8 27. Qg3 e6 28. h4
Kh7 29. g5 Be7 30. gxh6 Kxh6 31. c3 Rac8 32. Rh1 Na5 33. h5 gxh5 34. Kf1 Nc4 35.
Reh2 Nxe3+ 36. Bxe3 Qxe3 37. Rxh5# 1-0

[Event "Segundo Jogo"]
[Site "http://www.queenalice.com/game.php?id=1368904"]
[Date "2015.7.1"]
[Round "-"]
[White "king_chess"]
[Black "Paulobraz"]
[Result "1-0"]
[WhiteElo "1931"]
[BlackElo "1893"]

1. e4 g6 2. d3 Bg7 3. Nc3 Bxc3+ 4. bxc3 e5 5. Nf3 d6 6. Be2 Nc6 7. O-O h6 8. Be3
Be6 9. d4 Nf6 10. d5 Bd7 11. dxc6 Bxc6 12. Qc1 Nxe4 13. Qa3 O-O 14. Bxh6 Re8 15.
Be3 a5 16. Rab1 b6 17. Rfe1 Kg7 18. Bd3 Nf6 19. Bb5 Bxb5 20. Rxb5 Ng4 21. c4 e4
22. Bd4+ Kg8 23. Ng5 c5 24. Qh3 Nf6 25. Bc3 d5 26. Bxf6 Qxf6 27. Qh7+ Kf8 28.
Qh6+ Ke7 29. cxd5 Rh8 30. Nh7 Qc3 31. Rxe4+ Kd7 32. Qh3+ Qxh3 33. Nf6+ Kc7 34.
gxh3 Kb7 35. Nd7 Ra6 36. Nxc5+ Ka7 37. Re7+ 1-0

[Event "Challenge"]
[Site "http://www.queenalice.com/game.php?id=1369572"]
[Date "2015.7.4"]
[Round "-"]
[White "ledeon"]
[Black "king_chess"]
[Result "0-1"]
[WhiteElo "1931"]
[BlackElo "1926"]

1. d4 g6 2. e4 d6 3. c4 Bg7 4. Nc3 Nf6 5. f4 O-O 6. Nf3 c5 7. d5 e6 8. dxe6 Bxe6
9. Be2 Nc6 10. O-O Qb6 11. Nd5 Bxd5 12. cxd5 Nxe4 13. dxc6 bxc6 14. Qb3 Rfe8 15.
Qxb6 axb6 16. Bd3 Bd4+ 17. Nxd4 cxd4 18. a4 Nc5 19. Bc2 d3 20. Bd1 h6 21. Bf3 d5
22. Rd1 Rxa4 23. Rb1 Nb3 24. Kf2 Rc4 25. Bd2 Rc2 0-1

[Event "Challenge"]
[Site "http://www.queenalice.com/game.php?id=1374266"]
[Date "2015.7.30"]
[Round "-"]
[White "king_chess"]
[Black "ledeon"]
[Result "0-1"]
[WhiteElo "1972"]
[BlackElo "2031"]

1. Nf3 Nf6 2. e3 d5 3. Bd3 Nc6 4. O-O e5 5. Bb5 Be7 6. Nxe5 Qd6 7. Bxc6+ bxc6 8.
d4 O-O 9. b3 Ne4 10. f3 Ng5 11. c4 f6 12. c5 Qe6 13. Nd3 Ba6 14. Nf4 Qf7 15. Rf2
f5 16. Bd2 Bc8 17. Ba5 Bf6 18. h4 Ne6 19. g3 g6 20. Qd3 Qg7 21. Nxe6 Bxe6 22.
Qa6 f4 23. Qxc6 Rae8 24. Bxc7 fxe3 25. Re2 Bxd4 26. Bd6 Bxa1 27. Bxf8 Qxf8 28.
Kg2 Bg7 29. b4 d4 30. Qb7 Rb8 31. Qe4 Qf5 32. a3 Qxe4 33. fxe4 a5 34. Kf3 Be5
35. g4 axb4 36. c6 b3 37. h5 g5 38. h6 Rc8 39. a4 Rxc6 40. Na3 Ra6 41. Re1 Rxa4
42. Nb1 Ra1 43. Rc1 b2 44. Rc6 Kf7 45. Rb6 Ke7 46. Rxb2 e2 47. Rb7+ Kd8 48. Kxe2
Bxg4+ 49. Kd3 Bd7 50. Nd2 Rh1 51. Rb6 g4 52. Nc4 Rh3+ 53. Ke2 d3+ 54. Kd2 Rxh6
55. Rb1 Bf4+ 56. Kxd3 Rc6 57. Kd4 h5 58. Rh1 Be8 59. Ne3 Ke7 60. e5 Ke6 61. Nc4
Rxc4+ 62. Kxc4 Bxe5 63. Kd3 Bc6 64. Rxh5 g3 65. Rg5 g2 66. Ke2 Bd4 67. Rg3 g1=Q
68. Rxg1 Bxg1 69. Kd3 Bd5 70. Ke2 Ke5 71. Kf1 Be3 72. Ke2 Ke4 73. Ke1 Kf3 74.
Kf1 Bb3 75. Ke1 Bc2 76. Kf1 Bd2 77. Kg1 Kg3 78. Kf1 Bd3+ 79. Kg1 Be3+ 80. Kh1
Be4# 0-1

[Event "سفر کے"]
[Site "http://www.queenalice.com/game.php?id=1380652"]
[Date "2015.8.31"]
[Round "2"]
[White "king_chess"]
[Black "tucuman"]
[Result "1-0"]
[WhiteElo "1958"]
[BlackElo "1739"]

1. c4 Nc6 2. Nf3 Nf6 3. d4 d5 4. e3 e6 5. Ne5 Nxe5 6. dxe5 Nd7 7. cxd5 exd5 8.
Qxd5 Qe7 9. Qc4 Qc5 10. e6 Qxc4 11. Bxc4 fxe6 12. Bxe6 Nb6 13. Bb3 Bd7 14. O-O
O-O-O 15. a4 a6 16. a5 Na8 17. Bc4 Bd6 18. Nc3 g5 19. Ne4 Be7 20. b4 c6 21. Ba3
g4 22. Rad1 Nc7 23. Nd6+ Bxd6 24. Rxd6 Bf5 25. Rf6 Bd7 26. Rd1 h5 27. Bb2 h4 28.
Rf7 Rhf8 29. Bf6 Rxf7 30. Bxh4 Rh7 31. Bxd8 Kxd8 32. Rd4 Kc8 33. Rf4 Nb5 34.
Rf8+ Kc7 35. Rg8 Nd6 36. Be2 Nb5 37. Bxg4 Bxg4 38. Rxg4 Nc3 39. h3 Nd5 40. Re4
Rf7 41. h4 Nc3 42. Re5 Ne2+ 43. Kf1 Nc1 44. f4 Nd3 45. Re4 c5 46. bxc5 Nxc5 47.
Rc4 Kc6 48. g3 Kb5 49. Rc2 Ne4 50. Kg2 Rg7 51. Kf3 Kxa5 52. Kxe4 Rxg3 53. f5
Rg4+ 54. Ke5 Rxh4 55. e4 Rh5 56. Ke6 1-0

[Event "سفر کے"]
[Site "http://www.queenalice.com/game.php?id=1393459"]
[Date "2015.11.10"]
[Round "3"]
[White "Petruzza"]
[Black "king_chess"]
[Result "0-1"]
[WhiteElo "1885"]
[BlackElo "1980"]

1. e4 c5 2. c4 Nc6 3. Nc3 d6 4. Nb5 Nf6 5. g3 Nxe4 6. Bg2 Nf6 7. Bd5 Nxd5 8.
cxd5 Nb4 9. Qa4 Bd7 10. a3 Nd3+ 11. Ke2 Qb6 12. Kf3 Bxb5 13. Qe4 c4 14. Qe3 Bc6
15. dxc6 Qxc6+ 16. Qe4 Ne5+ 17. Ke3 Ng4+ 18. Qxg4 Qxh1 19. Nf3 Qf1 20. Qe4 O-O-O
21. d4 d5 22. Qf5+ e6 23. Qc2 Bd6 24. b4 f6 25. h4 h6 26. Bb2 Qh3 27. b5 g5 28.
a4 f5 29. hxg5 hxg5 30. Ne5 Bxe5 31. dxe5 f4+ 32. Kf3 fxg3 33. fxg3 g4+ 34. Ke2
Qg2+ 0-1

[Event "AUTO-OPEN-3486"]
[Site "http://www.queenalice.com/game.php?id=1404359"]
[Date "2016.1.15"]
[Round "2"]
[White "king_chess"]
[Black "bouley"]
[Result "0-1"]
[WhiteElo "1997"]
[BlackElo "2140"]

1. e4 d5 2. e5 Bf5 3. Bd3 Bxd3 4. cxd3 d4 5. Nf3 e6 6. Qa4+ Nc6 7. O-O Bc5 8.
Qb5 Bb6 9. a4 a6 10. Qc4 Nge7 11. b4 O-O 12. a5 Ba7 13. b5 axb5 14. Qxb5 b6 15.
a6 Qd5 16. Na3 Rfe8 17. Qa4 Nxe5 18. Nxd4 Nxd3 19. Nab5 Qd7 20. Qc2 Nc5 21. d3
Nd5 22. Nc3 Nb4 23. Qb2 Qxd4 24. Be3 Nbxd3 25. Bxd4 Nxb2 26. Nb5 Nbd3 27. Nxc7
Rad8 28. Bxc5 Nxc5 29. Nxe8 Rxe8 30. g3 Rd8 31. h4 Ne4 32. Rfc1 b5 33. Rc7 Bxf2+
34. Kg2 Bxg3 35. Rb7 h6 36. a7 Ra8 37. Rxb5 Kh7 38. Kf3 f5 39. h5 Bf2 40. Rb7
Bd4 41. Ra2 Nf6 42. Ra4 e5 43. Rf7 Nxh5 44. Ra6 e4+ 45. Ke2 f4 46. Ra5 Ng3+ 47.
Kd1 f3 48. Ra4 Be3 49. Ra3 f2 50. Rxe3 f1=Q+ 51. Rxf1 Nxf1 52. Rxe4 Rxa7 53. Ke1
Ra1+ 54. Kf2 Nd2 55. Re7 Ra3 56. Ke2 Nc4 57. Kf2 h5 58. Re4 Nb2 59. Re7 h4 60.
Kg2 h3+ 61. Kh2 Kh6 62. Re8 Kh5 63. Rh8+ Kg4 64. Rg8 g5 65. Rb8 Nd3 66. Rd8 Ra2+
67. Kh1 Nf4 68. Kg1 Kg3 69. Rd1 Rh2 70. Rd8 Re2 71. Rd1 h2+ 72. Kh1 Kh3 73. Rc1
Nd3 74. Rf1 Nf2+ 75. Rxf2 Re1+ 76. Rf1 Rxf1# 0-1

[Event "AUTO-OPEN-3486"]
[Site "http://www.queenalice.com/game.php?id=1404360"]
[Date "2016.1.15"]
[Round "2"]
[White "bouley"]
[Black "king_chess"]
[Result "1-0"]
[WhiteElo "2132"]
[BlackElo "1992"]

1. e4 e5 2. Bc4 Nf6 3. d4 Nc6 4. Nf3 exd4 5. O-O d6 6. Nxd4 Ne5 7. Bd3 Bg4 8. f3
Bh5 9. Bg5 h6 10. Bh4 g5 11. Bg3 Qd7 12. Nc3 O-O-O 13. Bb5 Nc6 14. Nxc6 bxc6 15.
Ba6+ Kb8 16. Qd4 Ka8 17. Qxf6 Be7 18. Qf5 Qxf5 19. exf5 Rb8 20. Rab1 Rb6 21. Bd3
f6 22. Rfe1 Bd8 23. b4 Bf7 24. Bf2 Rb8 25. Ne4 d5 26. Nc5 h5 27. Ne6 g4 28. fxg4
hxg4 29. Nxd8 Rbxd8 30. Re7 Bg8 31. Rxc7 d4 32. Rxc6 Bd5 33. Rxf6 Bxa2 34. Be4+
Kb8 35. Bg3+ Kc8 36. Rc6+ Kd7 37. Rd6+ Ke8 38. Rxd8+ Kxd8 39. Rd1 a6 40. Rxd4+
Ke7 41. c4 Rc8 42. Bd5 Kf6 43. Rxg4 Kxf5 44. Rf4+ Kg5 45. h4+ Kg6 46. Kh2 Bb1
47. Be4+ Bxe4 48. Rxe4 Kf5 49. Rf4+ Kg6 50. c5 Rc6 51. Rd4 Kf5 52. Rd6 Rc8 53.
Rxa6 Kg4 54. c6 Kf5 55. b5 Ke6 56. c7+ Kd7 57. b6 Kc6 58. Bf2 Kb7 59. Ra4 Rf8
60. Ra7+ Kc6 61. Bg1 Re8 62. Ra2 Kb7 63. g4 Re4 64. Kh3 Rf4 65. Ra7+ Kc8 66.
Ra8+ Kb7 67. c8=Q# 1-0

[Event "سفر کے"]
[Site "http://www.queenalice.com/game.php?id=1407614"]
[Date "2016.2.4"]
[Round "4"]
[White "king_chess"]
[Black "JoseHenrique"]
[Result "1-0"]
[WhiteElo "1982"]
[BlackElo "1948"]

1. e4 e5 2. Nf3 Nc6 3. d4 exd4 4. Nxd4 Nxd4 5. Qxd4 d6 6. Nc3 c5 7. Qe3 Nf6 8.
Be2 Be7 9. e5 dxe5 10. Qxe5 O-O 11. Bd2 Bd6 12. Qg5 h6 13. Qh4 b6 14. O-O-O a5
15. Nb5 Be7 16. Bxh6 Nd5 17. Qg3 Bf6 18. Bf4 Qd7 19. Nc7 Ra7 20. Nxd5 Qe6 21.
Bd3 Qg4 22. Nxf6+ gxf6 23. Qxg4+ Bxg4 24. f3 Bh5 25. g4 Bg6 26. Bxg6 fxg6 27. h4
Kg7 28. h5 g5 29. h6+ Kg6 30. Bd6 Rh8 31. f4 Rah7 32. f5+ Kf7 33. Bc7 b5 34.
Rd7+ Ke8 35. Rd8+ Kf7 36. Rxh8 Rxh8 37. Bxa5 c4 38. b3 cxb3 39. axb3 1-0

[Event "سفر کے"]
[Site "http://www.queenalice.com/game.php?id=1412878"]
[Date "2016.3.9"]
[Round "5"]
[White "ricardoaurelio"]
[Black "king_chess"]
[Result "1-0"]
[WhiteElo "1933"]
[BlackElo "1987"]

1. e4 e5 2. Nf3 d5 3. exd5 Qxd5 4. Nc3 Qd6 5. Qe2 Nc6 6. Ne4 Qb4 7. a3 Qb6 8. c3
Bf5 9. d3 O-O-O 10. Qc2 Bc5 11. Nxc5 Qxc5 12. Be3 Qb5 13. Rd1 h6 14. Qd2 Qb3 15.
Rc1 e4 16. Nd4 Nxd4 17. Bxd4 f6 18. Bxa7 b6 19. d4 Qa4 20. Qf4 Bd7 21. Bxb6 cxb6
22. Ra1 Qc2 23. Ba6# 1-0